000 007050000a22002170004500
005 20081029115340.0
008 081029t xxu||||| |||| 00| 0 eng d
010 _aENG-84331
020 _a8178792400
020 _c750.00 (hb)
035 _aEN-67864
082 _a610
245 _aHandbook of health education /
_cedited by Sharad Chand; compiled by Rachna Jain
260 _aNew Delhi
_bSports Publication
260 _c2005
300 _a410p
_c22cm
700 _aJain, Rachna
_ccomp
700 _aSharad Chand
_ced
942 _2ddc
_cEN
_h610
_mHAN
999 _c17669
_d17669